[Event "TCh-FRA Top 16 GpA 2022"]
[Site "Chartres FRA"]
[Date "2022.06.09"]
[Round "1.1"]
[Board "1"]
[White "Ragger, Markus"]
[Black "Jones, Gawain C B"]
[Result "1/2-1/2"]
[WhiteTitle "GM"]
[BlackTitle "GM"]
[WhiteElo "2643"]
[BlackElo "2665"]
[WhiteTeam "Bischwiller"]
[BlackTeam "L'Echiquier Chalonnais"]
[WhiteFideId "1610856"]
[BlackFideId "409561"]
[EventDate "2022.06.09"]

1. e4 e5 2. Nf3 Nc6 3. Bc4 Nf6 4. d3 Bc5 5. O-O d6 6. c3 a5 7. Re1 Ba7 8. Na3 h6
9. Nb5 Bb6 10. Be3 Bxe3 11. Rxe3 O-O 12. h3 Re8 13. Qc2 Ne7 14. Qb3 Rf8 15. d4
Ng6 16. Rd1 Bd7 17. a4 Qc8 18. Nd2 Nh5 19. Nf3 Nhf4 20. Bf1 Kh8 21. Qc4 Bc6 22.
Nxc7 Qxc7 23. d5 f5 24. dxc6 fxe4 25. Qxe4 d5 26. Qc2 e4 27. Nd4 Rae8 28. c4
bxc6 29. cxd5 Nxd5 30. Rxe4 Nb4 31. Qb1 Qf7 32. Rxe8 Qxe8 33. Bc4 Ne5 34. Re1
Qb8 35. Bf1 Qb6 36. Qe4 Nd7 37. Nf3 Qc5 38. Qg6 Qf5 39. Qd6 Rf6 40. Qd2 Qd5 41.
Qc3 Re6 42. Rxe6 Qxe6 43. Bc4 Qe4 44. b3 Nb6 45. Bf7 Qb1+ 46. Kh2 Qf5 47. Be8
Nd7 48. Bxd7 Qxd7 49. Ne5 Qf5 50. Qg3 c5 51. Nc4 Nc6 52. Qg4 Qf6 53. f3 Nd4 54.
Qc8+ Kh7 55. Qxc5 Qf4+ 56. Kg1 Qc1+ 57. Kh2 Qf4+ 58. Kg1 Qc1+ 59. Kh2 1/2-1/2

[Event "TCh-FRA Top 16 GpA 2022"]
[Site "Chartres FRA"]
[Date "2022.06.09"]
[Round "1.1"]
[Board "2"]
[White "Korobov, Anton"]
[Black "Bacrot, Etienne"]
[Result "1/2-1/2"]
[WhiteTitle "GM"]
[BlackTitle "GM"]
[WhiteElo "2675"]
[BlackElo "2641"]
[WhiteTeam "L'Echiquier Chalonnais"]
[BlackTeam "Bischwiller"]
[WhiteFideId "14105730"]
[BlackFideId "605506"]
[EventDate "2022.06.09"]

1. Nf3 d5 2. g3 Nf6 3. Bg2 e6 4. O-O Be7 5. d3 O-O 6. Nbd2 a5 7. e4 a4 8. Re1 a3
9. c4 dxe4 10. Nxe4 Nxe4 11. Rxe4 Bf6 12. Re2 Nc6 13. Rb1 axb2 14. Bxb2 Bxb2 15.
Rbxb2 Nd4 16. Red2 c6 17. c5 Nxf3+ 18. Bxf3 Qd4 19. Rbc2 Ra4 20. Re2 Ra3 21.
Red2 Ra4 22. Re2 Ra3 23. Red2 Qf6 24. Be4 e5 25. Qb1 Rd8 26. Rc4 h5 27. Qb2 Ra8
28. a4 Qe7 29. Bf3 Bf5 30. Rb4 Qxc5 31. Rxb7 Bg6 32. Be4 Bxe4 33. dxe4 Rxd2 34.
Qxd2 Qc4 35. Rb4 Qc5 36. h4 Kh7 37. Rb7 Ra7 38. Rb8 Qd4 39. Qg5 Qd1+ 40. Kg2 Qg4
41. Qxg4 hxg4 42. Rb4 Kg8 43. f3 gxf3+ 44. Kxf3 Kf8 45. Kg4 g6 46. Kf3 Ke7 47.
g4 c5 48. Rc4 Kf6 49. Ke3 Ra8 50. Kd3 Ke6 51. Rxc5 1/2-1/2

[Event "TCh-FRA Top 16 GpA 2022"]
[Site "Chartres FRA"]
[Date "2022.06.09"]
[Round "1.1"]
[Board "3"]
[White "Rodshtein, Maxim"]
[Black "Fedorchuk, Sergey A."]
[Result "1/2-1/2"]
[WhiteTitle "GM"]
[BlackTitle "GM"]
[WhiteElo "2585"]
[BlackElo "2612"]
[WhiteTeam "Bischwiller"]
[BlackTeam "L'Echiquier Chalonnais"]
[WhiteFideId "2806851"]
[BlackFideId "14102536"]
[EventDate "2022.06.09"]

1. d4 Nf6 2. c4 e6 3. Nf3 b6 4. g3 c6 5. Bg2 d5 6. Qa4 Ba6 7. cxd5 b5 8. Qd1
cxd5 9. Bg5 Be7 10. Nbd2 Nbd7 11. O-O O-O 12. a3 Bb7 13. e3 a5 14. Qe2 h6 15.
Bxf6 Bxf6 16. b4 Nb6 17. Nb3 Nc4 18. Nfd2 axb4 19. axb4 e5 20. Rxa8 Bxa8 21. Qd3
Qe7 22. dxe5 Bxe5 23. Nc5 Rd8 24. Ndb3 Bc6 25. Nd4 Be8 26. h4 Nb2 27. Qb3 Nc4
28. Rd1 Bf6 29. Qa2 1/2-1/2

[Event "TCh-FRA Top 16 GpA 2022"]
[Site "Chartres FRA"]
[Date "2022.06.09"]
[Round "1.1"]
[Board "4"]
[White "Grandelius, Nils"]
[Black "Fressinet, Laurent"]
[Result "1/2-1/2"]
[WhiteTitle "GM"]
[BlackTitle "GM"]
[WhiteElo "2645"]
[BlackElo "2624"]
[WhiteTeam "L'Echiquier Chalonnais"]
[BlackTeam "Bischwiller"]
[WhiteFideId "1710400"]
[BlackFideId "608742"]
[EventDate "2022.06.09"]

1. e4 e5 2. Nf3 Nc6 3. Bc4 Nf6 4. d3 Bc5 5. O-O d6 6. c3 a5 7. Re1 Ba7 8. Na3 h6
9. Nb5 Bb6 10. Be3 Bxe3 11. Rxe3 O-O 12. d4 Re8 13. Qe1 Bg4 14. dxe5 Nxe5 15.
Nxe5 dxe5 16. f3 Bd7 17. Rd1 Rc8 18. Red3 Qe7 19. Qe3 Red8 20. Na3 Be8 21. Rxd8
Rxd8 22. Rxd8 Qxd8 23. Be2 b6 1/2-1/2

[Event "TCh-FRA Top 16 GpA 2022"]
[Site "Chartres FRA"]
[Date "2022.06.09"]
[Round "1.1"]
[Board "5"]
[White "Naiditsch, Arkadij"]
[Black "Velten, Paul"]
[Result "1/2-1/2"]
[WhiteTitle "GM"]
[BlackTitle "GM"]
[WhiteElo "2653"]
[BlackElo "2486"]
[WhiteTeam "Bischwiller"]
[BlackTeam "L'Echiquier Chalonnais"]
[WhiteFideId "4650891"]
[BlackFideId "681091"]
[EventDate "2022.06.09"]

1. c4 c6 2. Nf3 Nf6 3. b3 g6 4. Bb2 Bg7 5. e4 O-O 6. Qc2 d5 7. e5 Bf5 8. Bd3
Bxd3 9. Qxd3 Nfd7 10. O-O dxc4 11. Qxc4 Na6 12. d4 Nb6 13. Qe2 Nd5 14. Nbd2 Nac7
15. g3 Qd7 16. Rfe1 Ne6 17. h4 Rad8 18. Rad1 Qc8 19. a4 Bh6 20. Qe4 Ng7 21. Nh2
Bxd2 22. Rxd2 f5 23. Qf3 Ne6 24. Rdd1 Rd7 25. Qg2 Qd8 26. Nf3 Qb6 27. Rd3 Nb4
28. Rd2 Nd5 29. Rd3 Nb4 30. Rd2 Nd5 31. Rd3 Nb4 1/2-1/2

[Event "TCh-FRA Top 16 GpA 2022"]
[Site "Chartres FRA"]
[Date "2022.06.09"]
[Round "1.1"]
[Board "6"]
[White "Edouard, Romain"]
[Black "Bellahcene, Bilel"]
[Result "0-1"]
[WhiteTitle "GM"]
[BlackTitle "GM"]
[WhiteElo "2575"]
[BlackElo "2513"]
[WhiteTeam "L'Echiquier Chalonnais"]
[BlackTeam "Bischwiller"]
[WhiteFideId "633429"]
[BlackFideId "696358"]
[EventDate "2022.06.09"]

1. e4 c5 2. Nf3 Nc6 3. Bb5 e6 4. O-O Nge7 5. d4 cxd4 6. Nxd4 Qb6 7. Nxc6 bxc6 8.
Bd3 Ng6 9. Kh1 e5 10. Nc3 Be7 11. Na4 Qc7 12. c4 Nf4 13. c5 O-O 14. Bc4 Rb8 15.
Be3 Rd8 16. g3 Ne6 17. f4 d5 18. cxd6 Bxd6 19. f5 Nd4 20. f6 g6 21. Bxd4 exd4
22. Qd2 Bf8 23. Rae1 Qe5 24. b3 d3 25. Nb2 Bh3 26. Rf2 Qh5 27. Qf4 d2 28. Rd1
Bg4 29. Rdxd2 Rxd2 30. Rxd2 Re8 31. Bxf7+ Kxf7 32. Qc7+ Kxf6 33. Nd3 Bf3+ 34.
Kg1 Bc5+ 35. Kf1 Qh3+ 0-1

[Event "TCh-FRA Top 16 GpA 2022"]
[Site "Chartres FRA"]
[Date "2022.06.09"]
[Round "1.1"]
[Board "7"]
[White "Maze, Sebastien"]
[Black "David, Alberto"]
[Result "1/2-1/2"]
[WhiteTitle "GM"]
[BlackTitle "GM"]
[WhiteElo "2529"]
[BlackElo "2520"]
[WhiteTeam "Bischwiller"]
[BlackTeam "L'Echiquier Chalonnais"]
[WhiteFideId "613762"]
[BlackFideId "4000013"]
[EventDate "2022.06.09"]

1. e4 c5 2. Nf3 e6 3. d4 cxd4 4. Nxd4 Nc6 5. Nc3 Qc7 6. f4 a6 7. Nxc6 Qxc6 8.
Be2 b5 9. Bf3 Bb7 10. Qd3 Qc7 11. Be3 Bb4 12. Bd4 f6 13. g3 Nh6 14. O-O-O O-O
15. Ne2 Rac8 16. Kb1 Nf7 17. a3 Be7 18. Bc3 Rfd8 19. Qd2 Nd6 20. Ba5 Nc4 21.
Bxc7 Nxd2+ 22. Rxd2 Rxc7 23. Nd4 Kf7 24. c3 Bc5 25. Re1 Ke7 26. Bd1 Rdc8 27. Bb3
Ba8 28. e5 f5 29. Bc2 g6 30. h4 Bd5 31. Red1 Bxd4 32. Rxd4 Rc4 33. Kc1 Rxd4 34.
Rxd4 d6 35. exd6+ Kxd6 36. a4 Rc4 37. axb5 Rxd4 38. cxd4 axb5 39. Kd2 b4 40. Ba4
Bc4 41. Ke3 Kd5 42. Bd1 1/2-1/2

[Event "TCh-FRA Top 16 GpA 2022"]
[Site "Chartres FRA"]
[Date "2022.06.09"]
[Round "1.1"]
[Board "8"]
[White "Alexieva, Silvia"]
[Black "Sebag, Marie"]
[Result "1/2-1/2"]
[WhiteTitle "IM"]
[BlackTitle "GM"]
[WhiteElo "2231"]
[BlackElo "2472"]
[WhiteTeam "L'Echiquier Chalonnais"]
[BlackTeam "Bischwiller"]
[WhiteFideId "2902265"]
[BlackFideId "617822"]
[EventDate "2022.06.09"]

1. d4 d5 2. Bf4 c5 3. e3 Nc6 4. c3 Nf6 5. Nd2 Qb6 6. Qb3 Bf5 7. dxc5 Qxb3 8.
axb3 e5 9. Bg3 Bxc5 10. Ngf3 Nd7 11. b4 Bd6 12. Rd1 f6 13. Nc4 dxc4 14. Rxd6 Ke7
15. Rd2 b5 16. Be2 a5 17. bxa5 Nxa5 18. O-O Nb6 19. Nh4 Be6 20. f4 Rhd8 21. Rxd8
Rxd8 22. fxe5 Rd2 23. exf6+ gxf6 24. Bf3 Na4 25. Be4 Rxb2 26. Bxh7 Nxc3 27. Ng6+
Ke8 28. Nf4 Ne2+ 29. Nxe2 Rxe2 30. Rxf6 Kd7 31. h4 c3 32. Rf2 Rxe3 33. Kh2 b4
34. h5 b3 35. h6 c2 36. Bxc2 bxc2 37. Rxc2 Bg8 38. Rc7+ Ke8 39. Rg7 Re6 40.
Rxg8+ Kf7 41. Rh8 Nc6 42. Bf4 Ne7 43. Rh7+ Kf6 44. g4 Ng6 45. Bc1 Rc6 46. g5+
Kf5 47. Rf7+ Kg4 48. Bd2 Rc2 49. Rd7 Ne5 50. Rd4+ Kf5 51. Kg3 Ra2 52. Rd5 Kg6
53. Rd6+ Kh7 54. Kf4 Ng6+ 55. Kf5 Ne7+ 56. Ke6 Ra7 57. Bc3 Kg6 58. Bd4 Rb7 59.
Bf6 Nf5 60. h7 Rxh7 61. Rd8 Ra7 62. Rg8+ Ng7+ 63. Ke5 Kh7 64. Rxg7+ Rxg7 65.
Bxg7 Kxg7 66. Ke4 1/2-1/2

[Event "TCh-FRA Top 16 GpA 2022"]
[Site "Chartres FRA"]
[Date "2022.06.09"]
[Round "1.2"]
[Board "1"]
[White "Sochacki, Christophe"]
[Black "Postny, Evgeny"]
[Result "1/2-1/2"]
[WhiteTitle "GM"]
[BlackTitle "GM"]
[WhiteElo "2487"]
[BlackElo "2562"]
[WhiteTeam "U.S.Villejuif Echecs"]
[BlackTeam "Club d'Echecs Metz Fischer"]
[WhiteFideId "662569"]
[BlackFideId "2804344"]
[EventDate "2022.06.09"]

1. Nf3 Nf6 2. b3 d5 3. Bb2 c5 4. e3 Nc6 5. Bb5 Bd7 6. O-O e6 7. c4 dxc4 8. bxc4
Be7 9. Nc3 O-O 10. Qe2 Qc7 11. Rab1 Rad8 12. Rfd1 Bc8 13. h3 b6 14. a3 Bb7 15.
Ba4 Na5 16. d3 Qb8 17. Ba1 Ne8 18. Nd2 Nd6 19. Nb5 Nf5 20. Bc2 Nc6 21. Ne4 Rd7
22. Qg4 Ne5 23. Qf4 Nc6 24. Qg4 Ne5 25. Qf4 Nc6 26. Qg4 1/2-1/2

[Event "TCh-FRA Top 16 GpA 2022"]
[Site "Chartres FRA"]
[Date "2022.06.09"]
[Round "1.2"]
[Board "2"]
[White "Ganguly, Surya Shekhar"]
[Black "Dourerassou, Jonathan"]
[Result "1/2-1/2"]
[WhiteTitle "GM"]
[BlackTitle "GM"]
[WhiteElo "2616"]
[BlackElo "2444"]
[WhiteTeam "Club d'Echecs Metz Fischer"]
[BlackTeam "U.S.Villejuif Echecs"]
[WhiteFideId "5002150"]
[BlackFideId "628050"]
[EventDate "2022.06.09"]

1. e4 d5 2. exd5 Qxd5 3. Nc3 Qd8 4. d4 Nf6 5. Nf3 g6 6. Bc4 Bg7 7. O-O O-O 8. h3
a6 9. a4 b6 10. Bg5 Bb7 11. Qe2 Nc6 12. Rad1 Qd6 13. Rfe1 e6 14. Bh4 Ne7 15. Ne5
Ned5 16. Nxd5 Nxd5 17. Bg3 Qb4 18. c3 Qe7 19. Qf3 Rad8 20. Qd3 Qe8 21. Bxa6 Bxa6
22. Qxa6 Ra8 23. Qb5 Rxa4 24. Nc6 Ra5 25. Qc4 Ra8 26. Ra1 Qd7 27. Qb5 h5 28. Bh4
Kh7 29. Bg5 f6 30. Be3 Ne7 31. Na7 c6 32. Qxb6 Rfb8 33. Qc5 Rb7 34. d5 cxd5 35.
Ra6 Nf5 36. Rea1 Bf8 37. Qc6 Qxc6 38. Nxc6 Rxa6 39. Rxa6 Nxe3 40. fxe3 Rxb2 41.
Nb4 Bxb4 42. cxb4 Rxb4 43. Rxe6 Re4 44. Rd6 Re5 45. h4 Rf5 46. g3 Kg7 47. Rd7+
Kg8 48. Kg2 Kf8 49. Ra7 Ke8 50. Rg7 Re5 51. Kf3 Kf8 52. Rd7 Rf5+ 53. Kg2 Ke8 54.
Rg7 g5 55. hxg5 fxg5 56. g4 hxg4 57. Kg3 Rf3+ 58. Kxg4 Rxe3 59. Rxg5 d4 1/2-1/2

[Event "TCh-FRA Top 16 GpA 2022"]
[Site "Chartres FRA"]
[Date "2022.06.09"]
[Round "1.2"]
[Board "3"]
[White "Eden, James"]
[Black "Visakh, N R"]
[Result "1-0"]
[WhiteTitle "IM"]
[BlackTitle "GM"]
[WhiteElo "2253"]
[BlackElo "2506"]
[WhiteTeam "U.S.Villejuif Echecs"]
[BlackTeam "Club d'Echecs Metz Fischer"]
[WhiteFideId "666491"]
[BlackFideId "25012223"]
[EventDate "2022.06.09"]

1. e4 c6 2. d4 d5 3. Nd2 dxe4 4. Nxe4 Nf6 5. Nxf6+ exf6 6. c3 Bd6 7. Bd3 O-O 8.
Qc2 Re8+ 9. Ne2 h5 10. Be3 Nd7 11. O-O-O Nf8 12. Kb1 Be6 13. c4 Rc8 14. Nc3 Bb4
15. a3 Bxc3 16. Qxc3 b5 17. d5 cxd5 18. c5 a6 19. h3 Ng6 20. g4 hxg4 21. hxg4
Bxg4 22. Rdg1 Qd7 23. Rg3 Bf5 24. Bd4 Rc6 25. Rh5 Bxd3+ 26. Qxd3 Re1+ 27. Ka2
Qe6 28. Rgh3 Qe4 29. Qg3 Qb1+ 30. Kb3 Qd1+ 31. Ka2 Qb1+ 32. Kb3 Re8 33. Rh1 Qe4
34. Qh3 Kf8 35. Qd7 Kg8 36. Qxc6 a5 37. Qxd5 Qd3+ 38. Bc3 1-0

[Event "TCh-FRA Top 16 GpA 2022"]
[Site "Chartres FRA"]
[Date "2022.06.09"]
[Round "1.2"]
[Board "4"]
[White "Feller, Sebastien"]
[Black "Sochacki, Wojtek"]
[Result "1/2-1/2"]
[WhiteTitle "GM"]
[BlackTitle "IM"]
[WhiteElo "2574"]
[BlackElo "2324"]
[WhiteTeam "Club d'Echecs Metz Fischer"]
[BlackTeam "U.S.Villejuif Echecs"]
[WhiteFideId "634654"]
[BlackFideId "651389"]
[EventDate "2022.06.09"]

1. e4 e5 2. Nf3 Nc6 3. d3 Nf6 4. g3 d5 5. Nbd2 Bc5 6. Bg2 dxe4 7. dxe4 O-O 8.
O-O a5 9. c3 a4 10. Qc2 b6 11. Nc4 Ng4 12. h3 Ba6 13. b3 axb3 14. axb3 Bxc4 15.
Rxa8 Qxa8 16. bxc4 Nxf2 17. Kh2 Qa6 1/2-1/2

[Event "TCh-FRA Top 16 GpA 2022"]
[Site "Chartres FRA"]
[Date "2022.06.09"]
[Round "1.2"]
[Board "5"]
[White "Cantin, Loic"]
[Black "Bailet, Pierre"]
[Result "1/2-1/2"]
[BlackTitle "IM"]
[WhiteElo "2199"]
[BlackElo "2512"]
[WhiteTeam "U.S.Villejuif Echecs"]
[BlackTeam "Club d'Echecs Metz Fischer"]
[WhiteFideId "679070"]
[BlackFideId "655830"]
[EventDate "2022.06.09"]

1. Nf3 Nf6 2. g3 g6 3. Bg2 Bg7 4. O-O O-O 5. c4 d6 6. d4 Nc6 7. d5 Na5 8. Nfd2
c5 9. Nc3 a6 10. Qc2 Rb8 11. Rb1 b5 12. b3 e6 13. Bb2 Re8 14. dxe6 Bxe6 15. cxb5
axb5 16. Nce4 Bf5 17. Nxf6+ Bxf6 18. e4 Bd7 19. Rbd1 Nc6 20. Nf3 Bg4 21. h3 Bxf3
22. Bxf3 Bxb2 23. Qxb2 Nd4 24. Bg2 Qa5 25. f4 b4 26. Rf2 Re7 27. Kh2 Qd8 28. Qc1
Qf8 29. Qc4 Qe8 30. Qd5 Rd8 31. Rdd2 Nb5 32. e5 Red7 33. Qc4 Nd4 34. Rxd4 cxd4
35. Bc6 dxe5 36. fxe5 d3 37. Rd2 Qe7 38. Bxd7 Rxd7 39. Rxd3 Rxd3 40. Qxd3 Qxe5
41. Qd2 Qc3 42. Qe2 g5 43. h4 h6 44. hxg5 hxg5 45. Kh3 Qc8+ 46. Kh2 Qc5 47. Qd2
Kg7 48. Qb2+ Kg6 49. Qe2 Qd4 50. Kh3 Qd7+ 51. Kh2 f5 52. Qa6+ Kg7 53. Qe2 Qd6
54. Kg2 Kf6 55. Qb2+ Kg6 56. Qc2 Qd5+ 57. Kh2 Qe4 58. Qd1 Qe5 59. Qd2 f4 60. g4
Kh6 61. Qc2 Qc3 62. Qf5 Qd2+ 63. Kh1 Qd6 64. Kg1 Qe7 65. Kf1 Kg7 66. Qd5 Qf6 67.
Qb7+ Kh6 68. Qh1+ Kg7 69. Qb7+ Kg6 70. Qxb4 Qa1+ 71. Qe1 Qxa2 1/2-1/2

[Event "TCh-FRA Top 16 GpA 2022"]
[Site "Chartres FRA"]
[Date "2022.06.09"]
[Round "1.2"]
[Board "6"]
[White "Koch, Jean-Rene"]
[Black "Caille, Hugo"]
[Result "1/2-1/2"]
[WhiteTitle "IM"]
[WhiteElo "2441"]
[BlackElo "2159"]
[WhiteTeam "Club d'Echecs Metz Fischer"]
[BlackTeam "U.S.Villejuif Echecs"]
[WhiteFideId "600148"]
[BlackFideId "20681348"]
[EventDate "2022.06.09"]

1. c4 e6 2. g3 Nf6 3. Bg2 d5 4. Nf3 Be7 5. b3 d4 6. O-O O-O 7. d3 Nc6 8. a3 a5
9. e4 e5 10. Ra2 Bd7 11. Ne1 Qc8 12. f4 Bg4 13. Qc2 exf4 14. gxf4 Nd7 15. h3 Bh5
16. Nd2 Nc5 17. Ndf3 f5 18. e5 Ne6 19. Kh1 Qd7 20. Qf2 Kh8 21. Ra1 Rab8 1/2-1/2

[Event "TCh-FRA Top 16 GpA 2022"]
[Site "Chartres FRA"]
[Date "2022.06.09"]
[Round "1.2"]
[Board "7"]
[White "Da Silva, Quentin"]
[Black "Migot, Tangi"]
[Result "0-1"]
[BlackTitle "IM"]
[WhiteElo "2171"]
[BlackElo "2353"]
[WhiteTeam "U.S.Villejuif Echecs"]
[BlackTeam "Club d'Echecs Metz Fischer"]
[WhiteFideId "26009528"]
[BlackFideId "662445"]
[EventDate "2022.06.09"]

1. e4 c5 2. Nf3 e6 3. d4 cxd4 4. Nxd4 Nc6 5. Nb5 d6 6. c4 Nf6 7. N1c3 a6 8. Na3
Be7 9. Be2 b6 10. Be3 Bb7 11. f3 O-O 12. O-O Ne5 13. Rc1 Re8 14. Re1 Rc8 15. Bf2
Nh5 16. Na4 Nd7 17. Bf1 d5 18. exd5 exd5 19. cxd5 Rxc1 20. Qxc1 b5 21. d6 Bxd6
22. Rxe8+ Qxe8 23. Nb6 Nxb6 24. Bxb6 Qb8 25. Qg5 Bxh2+ 26. Kf2 Bg3+ 27. Kg1 Bxf3
28. Qd8+ Qxd8 29. Bxd8 Bd5 30. Nc2 Bd6 31. b3 Be4 32. Ne1 Ng3 33. Bd3 Bxd3 34.
Nxd3 Ne2+ 35. Kf1 Nc3 36. Nc1 Ba3 37. Bg5 f6 38. Be3 Kf7 39. Ke1 Bxc1 40. Bxc1
Nxa2 41. Bd2 b4 42. Ke2 Ke6 43. Kd3 Kd5 44. Be1 Nc3 45. Bd2 a5 46. Be3 a4 0-1

[Event "TCh-FRA Top 16 GpA 2022"]
[Site "Chartres FRA"]
[Date "2022.06.09"]
[Round "1.3"]
[Board "1"]
[White "Mamedov, Rauf"]
[Black "Alonso Rosell, Alvar"]
[Result "1-0"]
[WhiteTitle "GM"]
[BlackTitle "GM"]
[WhiteElo "2656"]
[BlackElo "2562"]
[WhiteTeam "C'Chartres Echecs"]
[BlackTeam "Club 608 d'Echecs Paris"]
[WhiteFideId "13401653"]
[BlackFideId "2270544"]
[EventDate "2022.06.09"]

1. e4 e5 2. Nf3 Nc6 3. Bc4 Nf6 4. d3 Bc5 5. c3 d6 6. Nbd2 O-O 7. h3 Re8 8. O-O
h6 9. Re1 a6 10. Bb3 Be6 11. Nf1 Bxb3 12. Qxb3 Qd7 13. Be3 Bxe3 14. Nxe3 Ne7 15.
Nh4 c6 16. Nc4 Qc7 17. a4 b5 18. Ne3 Nd7 19. d4 Nb6 20. axb5 axb5 21. dxe5 dxe5
22. Qb4 Rab8 23. Red1 Nd7 24. Nhf5 Nxf5 25. Nxf5 Nf6 26. Qc5 Nxe4 27. Qe3 Ng5
28. h4 Ne6 29. Ra7 Rb7 30. Rxb7 Qxb7 31. Qxe5 Qa7 32. Rd6 Qc5 33. Qxc5 Nxc5 34.
b4 Na4 35. Rxc6 Re1+ 36. Kh2 Rc1 37. Ne7+ Kh7 38. Nd5 Rc2 39. Kg3 Rd2 40. Ne3
Rd3 41. c4 bxc4 42. Rxc4 Rb3 43. Rf4 Kg8 44. Kh2 Nc3 45. h5 Rb2 46. Rc4 Nb5 47.
f3 g6 48. Ng4 Kg7 49. Ne5 gxh5 50. Nd3 Rd2 51. Nf4 Nd6 52. Rc7 Nf5 53. Nxh5+ Kg6
54. Rc5 Nd4 55. Nf4+ Kg7 56. Kg3 Rb2 57. Rc4 Nf5+ 58. Kh3 Rb1 59. g4 Nd6 60. Rc6
Nb5 61. Nh5+ Kf8 62. Rxh6 Rxb4 63. f4 Nd4 64. f5 Nf3 65. Ra6 Rb3 66. Kg3 Nd2+
67. Kf4 Rb4+ 68. Kg5 Ke7 69. Nf6 Nf3+ 70. Kh6 Rb5 71. Kg7 Nd4 72. Ng8+ Ke8 73.
Nh6 Rb4 74. Nxf7 Nf3 75. g5 Nh4 76. Kf6 1-0

[Event "TCh-FRA Top 16 GpA 2022"]
[Site "Chartres FRA"]
[Date "2022.06.09"]
[Round "1.3"]
[Board "2"]
[White "Song, Julien"]
[Black "Bauer, Christian"]
[Result "0-1"]
[WhiteTitle "IM"]
[BlackTitle "GM"]
[WhiteElo "2402"]
[BlackElo "2607"]
[WhiteTeam "Club 608 d'Echecs Paris"]
[BlackTeam "C'Chartres Echecs"]
[WhiteFideId "659487"]
[BlackFideId "603767"]
[EventDate "2022.06.09"]

1. d4 d6 2. Nf3 Nf6 3. c4 g6 4. Nc3 Bf5 5. Qb3 b6 6. h3 Bg7 7. g4 Bc8 8. e4 Bb7
9. d5 O-O 10. Be3 c6 11. Bg2 Nbd7 12. O-O Rc8 13. Nd4 cxd5 14. cxd5 Nc5 15. Qa3
e5 16. Ndb5 h5 17. g5 Nh7 18. b4 Na6 19. Nxa7 Nxg5 20. Nxc8 Bxc8 21. Bxg5 Qxg5
22. Nb5 Qd8 23. Rac1 Bb7 24. Na7 Bh6 25. Rc2 Bf4 26. Rb1 Qg5 27. Nb5 Qe7 28. Qd3
Ra8 29. a3 Kg7 30. Rb3 g5 31. Rbc3 Nxb4 32. axb4 Ra1+ 33. Bf1 Ba6 34. Kg2 g4 35.
Be2 Qg5 36. hxg4 hxg4 37. Bxg4 Qxg4+ 38. Qg3 Bxg3 39. Rxg3 Qxg3+ 0-1

[Event "TCh-FRA Top 16 GpA 2022"]
[Site "Chartres FRA"]
[Date "2022.06.09"]
[Round "1.3"]
[Board "3"]
[White "Tiviakov, Sergei"]
[Black "Iglesias, Yosha"]
[Result "1-0"]
[WhiteTitle "GM"]
[BlackTitle "FM"]
[WhiteElo "2570"]
[BlackElo "2202"]
[WhiteTeam "C'Chartres Echecs"]
[BlackTeam "Club 608 d'Echecs Paris"]
[WhiteFideId "1008013"]
[BlackFideId "637823"]
[EventDate "2022.06.09"]

1. e4 c5 2. c3 d5 3. exd5 Qxd5 4. d4 g6 5. Nf3 Bg7 6. Nbd2 cxd4 7. Bc4 Qc5 8.
Qb3 Nh6 9. Ne4 Qb6 10. Qxb6 axb6 11. Nxd4 Nf5 12. Nb5 O-O 13. O-O Nc6 14. Bf4
Ne5 15. Bxe5 Bxe5 16. Rfd1 Ng7 17. Bb3 Bf5 18. Nd2 Bd3 19. Bc4 Bc2 20. Re1 Bf6
21. Bb3 Rad8 22. Ne4 Bxe4 23. Rxe4 e6 24. Rae1 Rd2 25. Na3 b5 26. Rb1 Be7 27.
Nxb5 Bc5 28. Nd4 Nf5 29. Re2 Rxe2 30. Nxe2 Rd8 31. Kf1 Nh4 32. Bc2 f5 33. Rd1
Rxd1+ 34. Bxd1 g5 35. Nd4 e5 36. Bb3+ Kh8 37. Ne6 Be7 38. Bd5 b6 39. b4 Ng6 40.
a4 Nf4 41. Nxf4 gxf4 42. Be6 e4 43. Bxf5 Bf6 44. c4 Bc3 45. c5 Bxb4 46. cxb6 h6
47. Bxe4 Kg7 48. g4 fxg3 49. fxg3 Kf6 50. Ke2 Ke5 51. Kf3 Ba5 52. b7 Bc7 53. h4
Bb8 54. g4 1-0

[Event "TCh-FRA Top 16 GpA 2022"]
[Site "Chartres FRA"]
[Date "2022.06.09"]
[Round "1.3"]
[Board "4"]
[White "Sohier, Julien"]
[Black "Maurizzi, Marc'Andria"]
[Result "0-1"]
[WhiteTitle "FM"]
[BlackTitle "GM"]
[WhiteElo "2218"]
[BlackElo "2490"]
[WhiteTeam "Club 608 d'Echecs Paris"]
[BlackTeam "C'Chartres Echecs"]
[WhiteFideId "645346"]
[BlackFideId "36083534"]
[EventDate "2022.06.09"]

1. e4 c5 2. Nc3 Nc6 3. Bb5 Nd4 4. Nf3 e6 5. O-O a6 6. Bd3 Nc6 7. Nd5 g5 8. Ne3
h5 9. c3 Bg7 10. Bc2 g4 11. Ne1 Nh6 12. f4 d5 13. e5 b5 14. a4 Rb8 15. Rf2 d4
16. Nf1 Bb7 17. axb5 axb5 18. Ng3 Bf8 19. Nxh5 Be7 20. Be4 c4 21. cxd4 Nxd4 22.
Bxb7 Rxb7 23. Nf6+ Bxf6 24. exf6 Nb3 25. Ra3 Nf5 26. d3 g3 27. hxg3 Nxg3 28. Rf3
Nxc1 29. Qxc1 Ne2+ 0-1

[Event "TCh-FRA Top 16 GpA 2022"]
[Site "Chartres FRA"]
[Date "2022.06.09"]
[Round "1.3"]
[Board "5"]
[White "Medvegy, Zoltan"]
[Black "Mendeiros, Jerome"]
[Result "1-0"]
[WhiteTitle "GM"]
[WhiteElo "2528"]
[BlackElo "2097"]
[WhiteTeam "C'Chartres Echecs"]
[BlackTeam "Club 608 d'Echecs Paris"]
[WhiteFideId "708402"]
[BlackFideId "607975"]
[EventDate "2022.06.09"]

1. Nf3 d5 2. e3 Nf6 3. c4 c6 4. Nc3 e6 5. b3 Bd6 6. Bb2 O-O 7. Be2 b6 8. Qc2 Bb7
9. O-O Nbd7 10. d4 Qe7 11. Rad1 Rad8 12. Rfe1 Rfe8 13. g3 Bb4 14. a3 Bxc3 15.
Bxc3 Ne4 16. Bb2 c5 17. Nd2 Nxd2 18. Rxd2 Nf6 19. f3 Nd7 20. cxd5 exd5 21. Bd3
h6 22. Rde2 Rc8 23. e4 cxd4 24. exd5 Qf8 25. Bc4 b5 26. Rxe8 Rxe8 27. Rxe8 Qxe8
28. Bxb5 Bxd5 29. Bxd4 Qe1+ 30. Kg2 Ne5 31. Qc8+ Kh7 32. Qf5+ 1-0